[Event "Internationaal Jeugdtoernooi Limburg 7"]
[Site "Stein"]
[Date "2001.07.12"]
[Round "1"]
[White "Brandenburg, Rik"]
[Black "Kommer, Bas"]
[Result "0-1"]
[WhiteElo "1659"]
[BlackElo "1940"]
[PlyCount "72"]
[EventDate "2001.07.12"]
[EventType "swiss"]
[EventRounds "7"]
[EventCountry "NED"]
[Source "P.Boonen"]
[SourceDate "2009.01.01"]

1. e4 d5 2. exd5 Qxd5 3. Nc3 Qa5 4. d4 Nf6 5. Bd2 c6 6. Nf3 Bf5 7. Bc4 e6 8.
Nd5 Qd8 9. Ne3 Be4 10. c3 Nbd7 11. O-O Bd6 12. Ng5 Bg6 13. Ng4 Qa5 14. Re1
O-O-O 15. Qf3 h6 16. b4 Qc7 17. Nxf6 Nxf6 18. Bxe6+ Kb8 19. Nxf7 Bxf7 20. Bxf7
Qxf7 21. Bf4 Qc7 22. Be5 Rhf8 23. Re2 Nd5 24. Qg3 Bxe5 25. dxe5 g5 26. Rae1 Nf4
27. Re4 Rfe8 28. h4 Ne6 29. f4 Nxf4 30. hxg5 hxg5 31. Qxg5 Nh3+ 32. gxh3 Rg8
33. h4 Rxg5+ 34. hxg5 Rg8 35. e6 Qg3+ 36. Kf1 Qf3+ 0-1

[Event "Internationaal Jeugdtoernooi Limburg 7"]
[Site "Stein"]
[Date "2001.07.12"]
[Round "1"]
[White "Cornelissen, Philip"]
[Black "Plukkel, Sjoerd"]
[Result "1-0"]
[WhiteElo "1285"]
[BlackElo "2033"]
[PlyCount "105"]
[EventDate "2001.07.12"]
[EventType "swiss"]
[EventRounds "7"]
[EventCountry "NED"]
[Source "P.Boonen"]
[SourceDate "2009.01.01"]

1. e4 c5 2. Nf3 Nc6 3. d4 cxd4 4. Nxd4 Nf6 5. Nc3 e6 6. Be3 Bb4 7. Bd3 Qa5 8.
Qd2 d5 9. f3 e5 10. Nb3 Qc7 11. Bc5 Bxc5 12. Nxc5 Nd4 13. Nb3 dxe4 14. Nxe4
Nxe4 15. fxe4 O-O 16. Nxd4 exd4 17. O-O Be6 18. Qg5 Rac8 19. Rf3 h6 20. Qb5 Qc6
21. Qxc6 bxc6 22. b3 c5 23. Rff1 Rfe8 24. Bb5 Re7 25. a3 Bg4 26. h3 Bh5 27. Bd3
Bg6 28. Rf4 Rce8 29. Re1 f5 30. e5 Rxe5 31. Rxe5 Rxe5 32. g4 Re3 33. gxf5 Bh5
34. Kg2 a5 35. a4 Kf7 36. h4 Kf6 37. Kf1 Ke5 38. Rf2 Rh3 39. f6 Bf3 40. Rh2
Rxh2 41. f7 Bg2+ 42. Kg1 Bd5 43. f8=Q Rh1+ 44. Kf2 Rh2+ 45. Ke1 Rh1+ 46. Kd2
Ke6 47. Qxg7 Rxh4 48. Qg6+ Ke7 49. Qb6 Rh2+ 50. Kc1 Rh1+ 51. Kb2 h5 52. Qxc5+
Ke6 53. Bc4 1-0

[Event "Internationaal Jeugdtoernooi Limburg 7"]
[Site "Stein"]
[Date "2001.07.12"]
[Round "1"]
[White "L'Ami, Erwin"]
[Black "Jansen, Bob"]
[Result "1-0"]
[WhiteElo "2329"]
[BlackElo "1882"]
[PlyCount "43"]
[EventDate "2001.07.12"]
[EventType "swiss"]
[EventRounds "7"]
[EventCountry "NED"]
[Source "P.Boonen"]
[SourceDate "2009.01.01"]

1. e4 e6 2. d4 d5 3. Nc3 Bb4 4. e5 c5 5. a3 Ba5 6. b4 cxd4 7. Nb5 Bc7 8. f4 Bd7
9. Nxc7+ Qxc7 10. Bd3 Ne7 11. Nf3 a6 12. O-O Nbc6 13. Bb2 Rc8 14. Kh1 Qb6 15.
Qd2 g6 16. Qf2 Kd8 17. Nxd4 Nxd4 18. Bxd4 Qc6 19. a4 Ke8 20. Qh4 Nf5 21. Bxf5
exf5 22. e6 1-0

[Event "Internationaal Jeugdtoernooi Limburg 7"]
[Site "Stein"]
[Date "2001.07.12"]
[Round "1"]
[White "Michielsen, Joost"]
[Black "Blees, Enrico"]
[Result "1-0"]
[WhiteElo "2024"]
[BlackElo "1675"]
[PlyCount "117"]
[EventDate "2001.07.12"]
[EventType "swiss"]
[EventRounds "7"]
[EventCountry "NED"]
[Source "P.Boonen"]
[SourceDate "2009.01.01"]

1. e4 c6 2. c4 e5 3. d4 d6 4. dxe5 dxe5 5. Qxd8+ Kxd8 6. Be3 Be6 7. Nf3 f6 8.
Nc3 Nd7 9. O-O-O Kc7 10. Be2 Ne7 11. Nd2 Ng6 12. g3 Bc5 13. Bxc5 Nxc5 14. b4
Nd7 15. Kb2 Rad8 16. a3 Nb6 17. c5 Nc8 18. Nc4 Rd4 19. Rxd4 exd4 20. Nb1 Bxc4
21. Bxc4 Ne5 22. Nd2 Re8 23. Re1 b5 24. Be2 f5 25. f4 Nc4+ 26. Bxc4 bxc4 27.
Nxc4 fxe4 28. Ne5 e3 29. Kc2 Ne7 30. Kd3 Nf5 31. Nf3 h5 32. h3 Nxg3 33. Nxd4 e2
34. Kd2 Nf1+ 35. Kc2 Ng3 36. Kd3 g6 37. a4 a6 38. Nxe2 Nf5 39. Rg1 Re3+ 40. Kd2
Rxh3 41. Rxg6 Rh2 42. Kd3 Rf2 43. Rg5 Ne7 44. Rxh5 Nd5 45. Rh7+ Kb8 46. Nd4
Nxb4+ 47. Ke3 Rf1 48. f5 Kc8 49. Ke4 Re1+ 50. Kf4 Nd5+ 51. Kg5 Rg1+ 52. Kh6 Nf6
53. Rf7 Ng4+ 54. Kh7 Kd8 55. f6 Ne5 56. Re7 Rh1+ 57. Kg8 Rg1+ 58. Rg7 Ng4 59.
Nxc6+ 1-0

[Event "Internationaal Jeugdtoernooi Limburg 7"]
[Site "Stein"]
[Date "2001.07.12"]
[Round "1"]
[White "Monteban, Martijn"]
[Black "Spronkmans, Stefan"]
[Result "1-0"]
[WhiteElo "2086"]
[BlackElo "1766"]
[PlyCount "105"]
[EventDate "2001.07.12"]
[EventType "swiss"]
[EventRounds "7"]
[EventCountry "NED"]
[Source "P.Boonen"]
[SourceDate "2009.01.01"]

1. d4 d5 2. c4 e6 3. Nc3 Nf6 4. Bg5 Be7 5. e3 O-O 6. Nf3 Nbd7 7. Qc2 b6 8. cxd5
exd5 9. Bd3 Bb7 10. O-O h6 11. Bh4 c5 12. Rfd1 Rc8 13. Bf5 cxd4 14. Nxd4 Rc4
15. Bd3 Rc8 16. Nf5 Bc5 17. Qb3 Qe8 18. Bg3 Qe6 19. Nb5 Ne5 20. Nbd4 Bxd4 21.
Nxd4 Qe7 22. Bf5 Rc4 23. a3 g6 24. Bxe5 Qxe5 25. Bd3 Rc5 26. Rac1 Rfc8 27. Rxc5
Rxc5 28. h3 Ne4 29. Qa4 a5 30. Qd7 Rc7 31. Qd8+ Kg7 32. Nb5 Rc6 33. Bxe4 dxe4
34. Nd6 Ba6 35. Nxf7 Qc7 36. Qxc7 Rxc7 37. Nd6 Re7 38. Rd4 Bd3 39. f3 Bb1 40.
Nxe4 Rc7 41. Nc3 Bf5 42. Rd6 Rb7 43. e4 Bd7 44. Nd5 b5 45. Nf4 Be8 46. Ne6+ Kg8
47. Ra6 a4 48. Ra8 Re7 49. Nf4 Kf7 50. Nd5 Rb7 51. Rc8 h5 52. Kf2 Bd7 53. Rc7
1-0

[Event "Internationaal Jeugdtoernooi Limburg 7"]
[Site "Stein"]
[Date "2001.07.12"]
[Round "1"]
[White "Muhren, Willem"]
[Black "Van Oosterom, Chiel"]
[Result "1-0"]
[WhiteElo "2042"]
[BlackElo "1762"]
[PlyCount "25"]
[EventDate "2001.07.12"]
[EventType "swiss"]
[EventRounds "7"]
[EventCountry "NED"]
[Source "P.Boonen"]
[SourceDate "2009.01.01"]

1. e4 d5 2. exd5 Nf6 3. Nc3 Nxd5 4. Bc4 Nb6 5. Bb3 Nc6 6. Qf3 e6 7. Qg3 Qf6 8.
Nb5 Bd6 9. Nxd6+ cxd6 10. Qxd6 Nd4 11. d3 Bd7 12. h4 Bc6 13. Bg5 1-0

[Event "Internationaal Jeugdtoernooi Limburg 7"]
[Site "Stein"]
[Date "2001.07.12"]
[Round "1"]
[White "Nabuurs, Joep"]
[Black "Van Leent, Dmitri"]
[Result "0-1"]
[WhiteElo "1668"]
[BlackElo "2006"]
[PlyCount "94"]
[EventDate "2001.07.12"]
[EventType "swiss"]
[EventRounds "7"]
[EventCountry "NED"]
[Source "P.Boonen"]
[SourceDate "2009.01.01"]

1. e4 c5 2. Nf3 Nc6 3. d4 cxd4 4. Nxd4 g6 5. Nc3 Bg7 6. Be3 Nf6 7. f3 O-O 8.
Qd2 d5 9. exd5 Nxd5 10. Nxc6 bxc6 11. Bd4 e5 12. Bc5 Re8 13. Ne4 Be6 14. Rd1 f5
15. Nd6 Re7 16. c4 Nb6 17. Nxf5 Rd7 18. Nd6 Bf8 19. Qc2 Bxd6 20. Bxd6 Rxd6 21.
Rxd6 Qxd6 22. c5 Qd5 23. cxb6 axb6 24. Bd3 Qa5+ 25. Kf2 Rd8 26. Qxc6 Qd2+ 27.
Be2 Qd4+ 28. Kf1 Kf7 29. Qc3 Rc8 30. Qxd4 exd4 31. Kf2 Rc2 32. Rd1 Bc4 33. Rxd4
Rxe2+ 34. Kg3 Rc2 35. Rd7+ Kg8 36. Rc7 b5 37. b3 Bxb3 38. Rxc2 Bxc2 39. a3 Kf7
40. Kf4 Ke6 41. h4 h5 42. g4 hxg4 43. fxg4 Kd5 44. Ke3 Kc4 45. Kd2 Be4 46. a4
bxa4 47. Kc1 Kc3 0-1

[Event "Internationaal Jeugdtoernooi Limburg 7"]
[Site "Stein"]
[Date "2001.07.12"]
[Round "1"]
[White "Nabuurs, Mart"]
[Black "Van Vliet, Jeffrey"]
[Result "1/2-1/2"]
[WhiteElo "1596"]
[BlackElo "1902"]
[PlyCount "91"]
[EventDate "2001.07.12"]
[EventType "swiss"]
[EventRounds "7"]
[EventCountry "NED"]
[Source "P.Boonen"]
[SourceDate "2009.01.01"]

1. e4 e6 2. d4 d5 3. exd5 exd5 4. Bd3 Bd6 5. Ne2 Nc6 6. c3 Nf6 7. O-O O-O 8.
Bf4 Re8 9. Bxd6 Qxd6 10. Ng3 Ne7 11. Nd2 Ng6 12. Bxg6 hxg6 13. Nb3 Ne4 14. Nxe4
dxe4 15. Re1 f5 16. Qd2 b6 17. Nc1 f4 18. f3 e3 19. Qd1 Bf5 20. Nd3 Bxd3 21.
Qxd3 Rad8 22. Rad1 g5 23. Qf5 Qd5 24. Qxd5+ Rxd5 25. Rc1 Red8 26. Kf1 c5 27.
dxc5 bxc5 28. Re2 Kf7 29. b4 c4 30. Rcc2 Kf6 31. g4 Rd1+ 32. Re1 R1d3 33. Ree2
R8d6 34. a4 Ra6 35. a5 Rad6 36. Re1 Rd2 37. Rxd2 Rxd2 38. Re2 Rxe2 39. Kxe2 Ke6
40. Kd1 Kd6 41. Kc2 Kc6 42. Kd1 Kb5 43. Kc2 Ka4 44. Kd1 g6 45. h3 a6 46. Kc2
1/2-1/2

[Event "Internationaal Jeugdtoernooi Limburg 7"]
[Site "Stein"]
[Date "2001.07.12"]
[Round "1"]
[White "Ruygrok, Dennis"]
[Black "Van Dooren, Dirk"]
[Result "1-0"]
[WhiteElo "1937"]
[BlackElo "1617"]
[PlyCount "31"]
[EventDate "2001.07.12"]
[EventType "swiss"]
[EventRounds "7"]
[EventCountry "NED"]
[Source "P.Boonen"]
[SourceDate "2009.01.01"]

1. e4 e5 2. Nf3 Nc6 3. Bc4 Nf6 4. d4 exd4 5. O-O Bc5 6. e5 d5 7. exf6 dxc4 8.
Re1+ Be6 9. Ng5 Qd7 10. Nxe6 fxe6 11. Qh5+ g6 12. Qxc5 O-O-O 13. Qxc4 e5 14.
Nd2 Rhf8 15. Ne4 Qf5 16. Bh6 1-0

[Event "Internationaal Jeugdtoernooi Limburg 7"]
[Site "Stein"]
[Date "2001.07.12"]
[Round "1"]
[White "Simenon, Jozef"]
[Black "Broersen, Sjors"]
[Result "0-1"]
[WhiteElo "1765"]
[BlackElo "2062"]
[PlyCount "134"]
[EventDate "2001.07.12"]
[EventType "swiss"]
[EventRounds "7"]
[EventCountry "NED"]
[Source "P.Boonen"]
[SourceDate "2009.01.01"]

1. d4 Nf6 2. Nf3 d5 3. g3 e6 4. c4 Nbd7 5. Bg2 c6 6. O-O Bd6 7. Nc3 O-O 8. Bg5
h6 9. Bxf6 Nxf6 10. Qc2 Re8 11. e4 dxe4 12. Nxe4 Nxe4 13. Qxe4 Qf6 14. Rfe1 Rb8
15. Rad1 c5 16. a3 b6 17. dxc5 Bxc5 18. Qe5 Ba6 19. b4 Be7 20. Qxf6 gxf6 21. b5
Bb7 22. Nd4 Bxa3 23. Bxb7 Rxb7 24. Nc6 Bc5 25. Ra1 a5 26. bxa6 Rc7 27. a7 Ra8
28. Nb8 Rcxa7 29. Rxa7 Rxa7 30. Rd1 Ra2 31. Nd7 Bxf2+ 32. Kg2 Kg7 33. Rb1 Bd4+
34. Kh3 Ra7 35. Nb8 Rc7 36. Rb4 f5 37. Na6 Rc6 38. Ra4 Bc3 39. Kg2 Kf6 40. Kf3
Ke5 41. Ke3 Bd4+ 42. Kf3 Bc5 43. Nxc5 bxc5 44. Ke3 Rb6 45. Ra3 Rb4 46. Kd3 Rb6
47. Ke3 Kf6 48. Ra5 Rc6 49. h3 Rc7 50. Rb5 Kg5 51. Kf3 e5 52. Rb6 e4+ 53. Kf2
f4 54. gxf4+ Kxf4 55. Rxh6 f5 56. Rh4+ Kg5 57. Rh8 Rc6 58. Rg8+ Kf4 59. h4 Rh6
60. Rc8 Rxh4 61. Rxc5 Rh2+ 62. Kg1 Rc2 63. Kf1 e3 64. Ke1 Ke4 65. Kd1 Rd2+ 66.
Ke1 f4 67. Rc8 Kf3 0-1

[Event "Internationaal Jeugdtoernooi Limburg 7"]
[Site "Stein"]
[Date "2001.07.12"]
[Round "1"]
[White "Sminia, Jelmer"]
[Black "Van Veen, Oscar"]
[Result "0-1"]
[WhiteElo "1879"]
[BlackElo "2187"]
[PlyCount "84"]
[EventDate "2001.07.12"]
[EventType "swiss"]
[EventRounds "7"]
[EventCountry "NED"]
[Source "P.Boonen"]
[SourceDate "2009.01.01"]

1. e4 e5 2. Nf3 Nc6 3. Bc4 Nf6 4. d3 Be7 5. c3 O-O 6. O-O d5 7. exd5 Nxd5 8.
Re1 Bg4 9. b4 a6 10. h3 Bh5 11. g4 Bg6 12. Nxe5 Nxe5 13. Rxe5 Nb6 14. Re1 Bd6
15. Na3 Nxc4 16. Nxc4 Bxd3 17. Nxd6 Qxd6 18. Qf3 f5 19. Bf4 fxg4 20. Bxd6 Rxf3
21. Bxc7 Rc8 22. Be5 Rxh3 23. Bd4 Bb5 24. Re3 Rxe3 25. fxe3 Rf8 26. a4 Bc4 27.
b5 axb5 28. axb5 Bxb5 29. Ra5 Be2 30. Rc5 h6 31. e4 Bf3 32. e5 Re8 33. Kh2 Re6
34. Rc7 h5 35. Rd7 h4 36. Rd6 Kf7 37. Rd7+ Kg6 38. Rd8 Kf5 39. Rg8 g5 40. Be3
Rg6 41. Rxg6 Kxg6 42. e6 g3+ 0-1

[Event "Internationaal Jeugdtoernooi Limburg 7"]
[Site "Stein"]
[Date "2001.07.12"]
[Round "1"]
[White "Van Otten, Gerard J"]
[Black "Van Blokland, Tjerk"]
[Result "1-0"]
[WhiteElo "1955"]
[BlackElo "1662"]
[PlyCount "29"]
[EventDate "2001.07.12"]
[EventType "swiss"]
[EventRounds "7"]
[EventCountry "NED"]
[Source "P.Boonen"]
[SourceDate "2009.01.01"]

1. e4 c6 2. d4 d5 3. Nc3 dxe4 4. Nxe4 Nf6 5. Nxf6+ gxf6 6. Bc4 c5 7. Qh5 e6 8.
Be3 cxd4 9. O-O-O Nc6 10. Nf3 Qc7 11. Nxd4 Nxd4 12. Rxd4 Bd7 13. Rxd7 Kxd7 14.
Qxf7+ Kc6 15. Bb5+ 1-0

[Event "Internationaal Jeugdtoernooi Limburg 7"]
[Site "Stein"]
[Date "2001.07.12"]
[Round "1"]
[White "Van Ruitenburg, Joost"]
[Black "Brandenburg, Daan"]
[Result "1-0"]
[WhiteElo "2154"]
[BlackElo "1864"]
[PlyCount "93"]
[EventDate "2001.07.12"]
[EventType "swiss"]
[EventRounds "7"]
[EventCountry "NED"]
[Source "P.Boonen"]
[SourceDate "2009.01.01"]

1. d4 Nf6 2. Bg5 e6 3. e4 Be7 4. Nd2 O-O 5. Bd3 d6 6. c3 e5 7. Ngf3 Nbd7 8. O-O
Re8 9. Qb3 h6 10. Bc4 Rf8 11. Be3 Ng4 12. Rad1 Nxe3 13. fxe3 Bf6 14. Rf2 Qe7
15. Nf1 Nb6 16. Ng3 Nxc4 17. Qxc4 g6 18. Rdf1 Bg7 19. h4 Be6 20. d5 Bg4 21. h5
Rab8 22. a4 a6 23. a5 b5 24. axb6 Rxb6 25. Nh2 Bxh5 26. Nxh5 gxh5 27. b4 f6 28.
Rf5 Qf7 29. Nf3 Qg6 30. Qxc7 Rfb8 31. Ra1 R8b7 32. Qc8+ Kh7 33. Nd2 Rb8 34. Qc7
R8b7 35. Qc4 Ra7 36. Qe2 Rc7 37. Nc4 Rbb7 38. Rxa6 Qg3 39. Rf3 Qg4 40. Nxd6 Ra7
41. Rxa7 Rxa7 42. Qf1 Rd7 43. Nf5 Qxe4 44. c4 Bf8 45. Ng3 Qg4 46. Qb1+ Kg8 47.
Ne4 1-0

[Event "Internationaal Jeugdtoernooi Limburg 7"]
[Site "Stein"]
[Date "2001.07.12"]
[Round "2"]
[White "Blees, Enrico"]
[Black "Sminia, Jelmer"]
[Result "0-1"]
[WhiteElo "1675"]
[BlackElo "1879"]
[PlyCount "46"]
[EventDate "2001.07.12"]
[EventType "swiss"]
[EventRounds "7"]
[EventCountry "NED"]
[Source "P.Boonen"]
[SourceDate "2009.01.01"]

1. d4 d5 2. c4 c6 3. Nc3 Nf6 4. Bg5 e6 5. cxd5 exd5 6. e3 Bd6 7. Bd3 Be6 8.
Nge2 Nbd7 9. O-O Bxh2+ 10. Kh1 Bd6 11. a3 Qc7 12. b4 a6 13. Qc2 h6 14. Bh4 g5
15. Bg3 h5 16. b5 Ng4 17. bxc6 bxc6 18. Bf5 Bxg3 19. Bxe6 Bxf2 20. Bxd7+ Qxd7
21. Ng1 Bxg1 22. Rxg1 Qd6 23. g3 h4 0-1

[Event "Internationaal Jeugdtoernooi Limburg 7"]
[Site "Stein"]
[Date "2001.07.12"]
[Round "2"]
[White "Brandenburg, Daan"]
[Black "Nabuurs, Joep"]
[Result "1/2-1/2"]
[WhiteElo "1864"]
[BlackElo "1668"]
[PlyCount "54"]
[EventDate "2001.07.12"]
[EventType "swiss"]
[EventRounds "7"]
[EventCountry "NED"]
[Source "P.Boonen"]
[SourceDate "2009.01.01"]

1. e4 e6 2. d4 d5 3. Nd2 c5 4. c3 Nc6 5. exd5 exd5 6. dxc5 Bxc5 7. Nb3 Bb6 8.
Nf3 Nf6 9. Bd3 O-O 10. O-O Bg4 11. Bg5 h6 12. Bh4 Ne5 13. Be2 Ng6 14. Bxf6 gxf6
15. Nfd4 Bxe2 16. Qxe2 Kh7 17. Rad1 Rg8 18. g3 Qd7 19. Qh5 Qd6 20. Nb5 Qe6 21.
Qxd5 Qh3 22. Qd7 f5 23. Kh1 Nh4 24. Qxb7 Rab8 25. Qc6 Rbc8 26. Qb7 Rb8 27. Qc6
Rbc8 1/2-1/2

[Event "Internationaal Jeugdtoernooi Limburg 7"]
[Site "Stein"]
[Date "2001.07.12"]
[Round "2"]
[White "Broersen, Sjors"]
[Black "Schilperoort, Jeroen"]
[Result "1/2-1/2"]
[WhiteElo "2062"]
[BlackElo "1919"]
[PlyCount "94"]
[EventDate "2001.07.12"]
[EventType "swiss"]
[EventRounds "7"]
[EventCountry "NED"]
[Source "P.Boonen"]
[SourceDate "2009.01.01"]

1. e4 c6 2. d4 d5 3. exd5 cxd5 4. c4 Nf6 5. Nc3 Nc6 6. Bg5 e6 7. c5 Bd7 8. Nf3
b6 9. cxb6 Qxb6 10. Rb1 Ne4 11. Be3 Bb4 12. Qc2 Nxc3 13. bxc3 Bxc3+ 14. Kd1 Qa5
15. Rb5 Nb4 16. Rxa5 Nxc2 17. Rc5 Nxe3+ 18. fxe3 Bb4 19. Rc1 O-O 20. Bd3 Rfc8
21. Ke2 Bd6 22. Rhf1 h6 23. h3 Rab8 24. Rxc8+ Bxc8 25. Rc1 Rb2+ 26. Rc2 Rxc2+
27. Bxc2 Ba6+ 28. Kf2 Kf8 29. Nd2 Ke7 30. Ba4 Bb4 31. Nf3 Bd6 32. Nd2 Kf6 33.
Bc6 g5 34. a4 Ke7 35. Nf3 f5 36. Nd2 Kf6 37. Nb3 Bb4 38. Nc1 Bc4 39. Ne2 e5 40.
g3 exd4 41. Nxd4 Bc5 42. Kf3 h5 43. Bd7 g4+ 44. hxg4 hxg4+ 45. Kf2 Bd3 46. Nb3
Bb4 47. Nd4 Bc5 1/2-1/2

[Event "Internationaal Jeugdtoernooi Limburg 7"]
[Site "Stein"]
[Date "2001.07.12"]
[Round "2"]
[White "Cornelissen, Philip"]
[Black "Muhren, Willem"]
[Result "0-1"]
[WhiteElo "1285"]
[BlackElo "2042"]
[PlyCount "50"]
[EventDate "2001.07.12"]
[EventType "swiss"]
[EventRounds "7"]
[EventCountry "NED"]
[Source "P.Boonen"]
[SourceDate "2009.01.01"]

1. e4 c5 2. Nf3 Nc6 3. d4 cxd4 4. Nxd4 g6 5. Nc3 Bg7 6. Be3 Nf6 7. f3 O-O 8.
Qd2 d5 9. Rd1 e6 10. Be2 Qe7 11. O-O Nxd4 12. Bxd4 e5 13. Bf2 d4 14. Nb1 Be6
15. c3 Rfd8 16. Qg5 Bxa2 17. cxd4 exd4 18. Rxd4 Rxd4 19. Bxd4 Nd5 20. Qd2 Bxd4+
21. Qxd4 Nf4 22. Bc4 Rd8 23. Qc3 Qc5+ 24. Kh1 Qxc4 25. Qe1 Qc2 0-1

[Event "Internationaal Jeugdtoernooi Limburg 7"]
[Site "Stein"]
[Date "2001.07.12"]
[Round "2"]
[White "Heltzel, Joost"]
[Black "Ruygrok, Dennis"]
[Result "1-0"]
[WhiteElo "2139"]
[BlackElo "1937"]
[PlyCount "43"]
[EventDate "2001.07.12"]
[EventType "swiss"]
[EventRounds "7"]
[EventCountry "NED"]
[Source "P.Boonen"]
[SourceDate "2009.01.01"]

1. d4 d5 2. c4 dxc4 3. Nf3 Nf6 4. e3 a6 5. a4 c5 6. Bxc4 cxd4 7. exd4 Nc6 8. d5
Nb4 9. Nc3 Bg4 10. O-O Qd6 11. h3 Bh5 12. Qe2 Rd8 13. Rd1 Qc5 14. g4 Bg6 15.
Be3 Qa5 16. Rac1 Nfxd5 17. Nxd5 Nxd5 18. Bxd5 Rxd5 19. Bb6 Qxb6 20. Rxd5 f6 21.
a5 Qb3 22. Qe6 1-0

[Event "Internationaal Jeugdtoernooi Limburg 7"]
[Site "Stein"]
[Date "2001.07.12"]
[Round "2"]
[White "Holtackers, Daan"]
[Black "Monteban, Martijn"]
[Result "1/2-1/2"]
[WhiteElo "1935"]
[BlackElo "2086"]
[PlyCount "85"]
[EventDate "2001.07.12"]
[EventType "swiss"]
[EventRounds "7"]
[EventCountry "NED"]
[Source "P.Boonen"]
[SourceDate "2009.01.01"]

1. d4 c5 2. Nf3 cxd4 3. Nxd4 Nf6 4. c4 g6 5. Nc3 Bg7 6. g3 Nc6 7. Bg2 O-O 8.
O-O a6 9. Nc2 d6 10. Ne3 Bd7 11. Qd2 Rb8 12. b3 b5 13. cxb5 axb5 14. Bb2 Ne5
15. Ncd5 Nxd5 16. Nxd5 Bc6 17. Rac1 Bxd5 18. Bxd5 Nd7 19. Bxg7 Kxg7 20. b4 Nf6
21. Bg2 d5 22. Rc5 e6 23. Qd3 Qd7 24. Rfc1 Rb7 25. Qd4 Qe7 26. Qe5 Kg8 27. Rc7
Rxc7 28. Rxc7 Nd7 29. Qc3 Qd6 30. Rb7 Rb8 31. Rxb8+ Qxb8 32. Qc6 Ne5 33. Qa6
Nc4 34. a4 bxa4 35. Qxa4 Qb7 36. e3 Qc7 37. b5 Nb6 38. Qa3 Qc2 39. Bf1 Qb1 40.
Qc5 Nc4 41. Kg2 Qe4+ 42. Kg1 Qb1 43. Kg2 1/2-1/2

[Event "Internationaal Jeugdtoernooi Limburg 7"]
[Site "Stein"]
[Date "2001.07.12"]
[Round "2"]
[White "Jansen, Bob"]
[Black "Nabuurs, Mart"]
[Result "1-0"]
[WhiteElo "1882"]
[BlackElo "1596"]
[PlyCount "63"]
[EventDate "2001.07.12"]
[EventType "swiss"]
[EventRounds "7"]
[EventCountry "NED"]
[Source "P.Boonen"]
[SourceDate "2009.01.01"]

1. d4 Nf6 2. Bg5 Ne4 3. Bf4 d5 4. e3 e6 5. Bd3 Nf6 6. c4 c5 7. Ne2 Nc6 8. Nbc3
Bd7 9. O-O cxd4 10. exd4 Rc8 11. cxd5 exd5 12. Qb3 Na5 13. Qc2 Be6 14. Rfe1 Nc6
15. Rad1 Be7 16. Bg5 Qd7 17. Qa4 h6 18. Bxf6 Bxf6 19. Nf4 O-O 20. Nxe6 fxe6 21.
Bb1 a6 22. Ne2 Qf7 23. Qc2 g5 24. Qd2 Qg7 25. a3 b6 26. Qd3 b5 27. Kh1 Bd8 28.
Ng3 Re8 29. Nf5 Qf8 30. Nd6 Rc7 31. Qg6+ Rg7 32. Qxe8 1-0

[Event "Internationaal Jeugdtoernooi Limburg 7"]
[Site "Stein"]
[Date "2001.07.12"]
[Round "2"]
[White "Kommer, Bas"]
[Black "Van Ruitenburg, Joost"]
[Result "0-1"]
[WhiteElo "1940"]
[BlackElo "2154"]
[PlyCount "50"]
[EventDate "2001.07.12"]
[EventType "swiss"]
[EventRounds "7"]
[EventCountry "NED"]
[Source "P.Boonen"]
[SourceDate "2009.01.01"]

1. d4 Nf6 2. Bg5 c5 3. d5 Ne4 4. Bf4 Qb6 5. Nc3 Qxb2 6. Nxe4 Qb4+ 7. Nd2 Qxf4
8. e4 g6 9. g3 Qc7 10. h4 Bg7 11. Rb1 d6 12. f4 h5 13. Be2 Na6 14. Ngf3 Nb4 15.
a3 Na2 16. Rb3 Qa5 17. e5 b6 18. O-O Nc3 19. Qe1 Nxe2+ 20. Qxe2 O-O 21. exd6
exd6 22. Qe7 c4 23. Nxc4 Qc5+ 24. Ne3 Ba6 25. Re1 Bc4 0-1

[Event "Internationaal Jeugdtoernooi Limburg 7"]
[Site "Stein"]
[Date "2001.07.12"]
[Round "2"]
[White "Spronkmans, Stefan"]
[Black "Brandenburg, Rik"]
[Result "1-0"]
[WhiteElo "1766"]
[BlackElo "1659"]
[PlyCount "109"]
[EventDate "2001.07.12"]
[EventType "swiss"]
[EventRounds "7"]
[EventCountry "NED"]
[Source "P.Boonen"]
[SourceDate "2009.01.01"]

1. e4 c5 2. Nf3 d6 3. d4 cxd4 4. Nxd4 g6 5. Nc3 Bg7 6. Be3 Nc6 7. Bc4 Nf6 8.
O-O O-O 9. h3 a6 10. Bb3 Na5 11. Qd2 b5 12. f3 Nxb3 13. axb3 d5 14. exd5 Nxd5
15. Nc6 Bxc3 16. bxc3 Qd6 17. Qxd5 Bb7 18. Qxd6 exd6 19. Nd4 Rfe8 20. Bd2 Re5
21. Rfe1 Rd5 22. Re7 Rb8 23. Rae1 Re5 24. R1xe5 dxe5 25. Rxe5 Kg7 26. Kf2 Kf6
27. Re1 g5 28. Ke3 h5 29. Kd3 g4 30. hxg4 hxg4 31. Rh1 gxf3 32. gxf3 a5 33.
Nxb5 Bxf3 34. Rf1 Rxb5 35. Rxf3+ Ke5 36. c4 Rb7 37. Bxa5 Rd7+ 38. Ke3 f5 39.
Bc3+ Ke6 40. c5 Re7 41. Kf4 Rh7 42. Re3+ Kd5 43. Kxf5 Kxc5 44. Re5+ Kd6 45. Ke4
Rh2 46. Kd3 Rh3+ 47. Re3 Rh1 48. Bd4 Rd1+ 49. Kc4 Rd2 50. c3 Rg2 51. b4 Kc6 52.
b5+ Kb7 53. b6 Rg6 54. Re7+ Kc6 55. Rc7+ 1-0

[Event "Internationaal Jeugdtoernooi Limburg 7"]
[Site "Stein"]
[Date "2001.07.12"]
[Round "2"]
[White "Stoffers, Jeffrey"]
[Black "Michielsen, Joost"]
[Result "0-1"]
[WhiteElo "1283"]
[BlackElo "2024"]
[PlyCount "76"]
[EventDate "2001.07.12"]
[EventType "swiss"]
[EventRounds "7"]
[EventCountry "NED"]
[Source "P.Boonen"]
[SourceDate "2009.01.01"]

1. e4 c5 2. Nf3 e6 3. d4 cxd4 4. Nxd4 a6 5. Be3 Qc7 6. Be2 Nf6 7. f3 Be7 8. O-O
O-O 9. Nc3 b5 10. Qd2 Bb7 11. Rfd1 Nc6 12. Nb3 Rfd8 13. Nc5 d5 14. Nxb7 Qxb7
15. exd5 Nb4 16. a3 Nbxd5 17. Bf2 Rac8 18. Nxd5 Nxd5 19. Bd3 Bf6 20. c3 Rd7 21.
Be4 Rcd8 22. Qc2 h6 23. Rd2 Bg5 24. Rd3 f5 25. Bxd5 Rxd5 26. Rad1 Qc6 27. Rxd5
Rxd5 28. Bd4 Rxd4 29. Rxd4 Be3+ 30. Kf1 Bxd4 31. Qe2 Bf6 32. g3 Qc4 33. Qxc4
bxc4 34. Ke2 Kf7 35. Ke3 e5 36. g4 Ke6 37. h3 g6 38. h4 Bxh4 0-1

[Event "Internationaal Jeugdtoernooi Limburg 7"]
[Site "Stein"]
[Date "2001.07.12"]
[Round "2"]
[White "Van Dooren, Dirk"]
[Black "Simenon, Jozef"]
[Result "1/2-1/2"]
[WhiteElo "1617"]
[BlackElo "1765"]
[PlyCount "86"]
[EventDate "2001.07.12"]
[EventType "swiss"]
[EventRounds "7"]
[EventCountry "NED"]
[Source "P.Boonen"]
[SourceDate "2009.01.01"]

1. e4 c5 2. d4 cxd4 3. c3 dxc3 4. Nxc3 Nc6 5. Nf3 d6 6. Bc4 g6 7. Bf4 Bg7 8.
Ng5 Nh6 9. Qd2 O-O 10. h3 Ne5 11. Bb3 Qa5 12. O-O Kh8 13. Rfd1 f6 14. Ne6 Bxe6
15. Bxe6 Nhf7 16. Bxe5 Nxe5 17. f4 Nc6 18. Nd5 Qxd2 19. Rxd2 Rad8 20. f5 Bh6
21. Rd3 Rfe8 22. Rad1 Kg7 23. Rb3 Rb8 24. Rg3 Ne5 25. Rc3 Nc6 26. b4 Kf8 27. b5
Ne5 28. Rd4 a6 29. Nc7 Red8 30. a4 axb5 31. axb5 Nd7 32. Rg3 Bf4 33. Rf3 Be5
34. Ra4 Nc5 35. Ra7 Nxe4 36. Ra4 Nc5 37. Rh4 Kg7 38. Rg4 g5 39. h4 h5 40. Rc4
g4 41. Ra3 b6 42. Bd5 Rbc8 43. Ra7 Kf8 1/2-1/2